000 00634nam a22002057a 4500
999 _c14559
_d14559
003 AR-CdUCM
008 190423b ||||| |||| 00| 0 spa d
020 _a978-84-9825661-1
040 _aMUNICIPALIDAD PROVINCIAL DEL CUSCO
_cBIBLIOTECA MUNICIPAL DEL CUSCO
082 _aPI / 376.1 /
_bN29
100 _aNavarro, Angels
_926797
245 _aCuando era pequeño /
260 _aBarcelona :
_bCombel,
_c2011.
300 _a38 paginas ;
_bIlustraciones plegables,
_c32 cm.
650 _aPara pequeños
_933376
650 _aAlbun de recuerdos
_933377
650 _aNiños
_99390
942 _2ddc
_cLIBROS
945 _awnts
_d2019-04-23